Society as it is : a reader

Αποθηκεύτηκε σε:
Λεπτομέρειες βιβλιογραφικής εγγραφής
Κύριος συγγραφέας: Gaviglio, Glen
Άλλοι συγγραφείς: Raye, David E.
Μορφή: Βιβλίο
Γλώσσα:English
Δημοσίευση: New York : London : Macmillan, Collier Macmillan, 1976
Έκδοση:2nd ed.
Θέματα:
Ετικέτες: Προσθήκη ετικέτας
Δεν υπάρχουν, Καταχωρήστε ετικέτα πρώτοι!

MARC

LEADER 00000cam a2200000 i 4500
001 1/6788
008 000617s1976 eng d
020 |a 0-02-341080-9 
035 |l 10062057 
040 |a GR-MY-UA  |b gre  |e aacr 
041 0 |a eng 
082 0 |a 306.0973 
100 1 |a Gaviglio, Glen. 
245 1 0 |a Society as it is :  |b a reader /  |c Glen Gaviglio, David E. Raye 
250 |a 2nd ed. 
260 |a New York :   |a London :   |b Macmillan,   |b Collier Macmillan,   |c 1976 
300 |a x, 448 σ.;  |b εικ.;  |c 24 εκ. 
504 |a Περιέχει βιβλιογραφικές παραπομπές 
651 0 |a United States  |x Social conditions  |y 1960-1980. 
700 1 |a Raye, David E. 
852 |a INST  |b LESVOS  |e 20000617  |h 306.0973 GAV  |p 005100023442  |q 005100023442  |t BK  |y 0 
901 |a BIBL1-2000-2 
909 |a Λ  |b 077013 
970 |z 2000/06/ΜΠΡΑΤΤΗΣ